[Event "SVK-ch U08"]
[Site "Stara Lubovna"]
[Date "2022.05.27"]
[Round "8"]
[White "Zelovic, Matej"]
[Black "Rogac, Alexander"]
[Result "1-0"]
[WhiteElo "1000"]
[BlackElo "1000"]
[PlyCount "27"]
[EventDate "2022.05.21"]
[EventType "swiss"]
[EventRounds "9"]
[EventCountry "SVK"]
[SourceTitle "CBM 208 Extra"]
[Source "ChessBase"]
[SourceDate "2022.07.31"]
[SourceVersion "1"]
[SourceVersionDate "2022.07.31"]
[SourceQuality "1"]

1. d4 d5 2. Bf4 Nc6 3. Nc3 a6 4. e3 Nf6 5. Bd3 e6 6. Nf3 Bd6 7. 0-0 Bxf4 8. exf4 0-0 9. Re1 Re8 10. h3 Qd6 11. Qd2 Qb4 12. Rab1 Nxd4 13. Nxd4 Qxd4 14. Bxh7+ 1-0

[Event "SVK-ch U08"]
[Site "Stara Lubovna"]
[Date "2022.05.23"]
[Round "4"]
[White "Viglas, Richard"]
[Black "Rogac, Alexander"]
[Result "1/2-1/2"]
[WhiteElo "1000"]
[BlackElo "1000"]
[PlyCount "116"]
[EventDate "2022.05.21"]
[EventType "swiss"]
[EventRounds "9"]
[EventCountry "SVK"]
[SourceTitle "CBM 208 Extra"]
[Source "ChessBase"]
[SourceDate "2022.07.31"]
[SourceVersion "1"]
[SourceVersionDate "2022.07.31"]
[SourceQuality "1"]

1. e4 e5 2. Nf3 Nc6 3. Bc4 Bc5 4. Nc3 Nf6 5. h3 d6 6. d3 Bd7 7. b3 Qe7 8. Nd5 Nxd5 9. exd5 Nd4 10. Bb2 b5 11. c3 Nxf3+ 12. gxf3 bxc4 13. dxc4 0-0 14. b4 Rab8 15. Rb1 Bb6 16. a4 Bf5 17. Ra1 Qh4 18. Rf1 Qxc4 19. a5 Bxf2+ 20. Rxf2 Qh4 21. c4 Rxb4 22. Bc3 Rxc4 23. Qc1 e4 24. Qb2 f6 25. Kd1 Qxh3 26. fxe4 Rxe4 27. Qb7 Qh1+ 28. Kd2 Qxa1 29. Bxa1 Rfe8 30. Rxf5 Re2+ 31. Kc3 R8e3+ 32. Kd4 Re4+ 33. Kc3 R4e3+ 34. Kb4 Re1 35. Bd4 Rb1+ 36. Kc4 Rxb7 37. Bxe3 c5 38. Rf1 Rb4+ 39. Kd3 Rb3+ 40. Kd2 Rb2+ 41. Ke1 Rb1+ 42. Kf2 Rb2+ 43. Kg1 Rb5 44. Ra1 g5 45. Kg2 Kg7 46. Kg3 Rb3 47. Kf3 g4+ 48. Ke2 h5 49. Rh1 Kg6 50. Bd2 c4 51. Rc1 Rb5 52. Rxc4 Rxd5 53. Be3 Rxa5 54. Rc6 d5 55. Bd4 Ra2+ 56. Kd3 Ra3+ 57. Kd2 Ra2+ 58. Kd3 Ra3+ 1/2-1/2